Zarzadzanie firma podrecznik dla liceum, technikum i szkoly policealnej w zawodach rolnych i gospodarki zywnosciowej

Saved in:
Bibliographic Details
Main Author: Niedzielski, Eugeniusz
Other Authors: Lapinska, Anna
Format: Book
Language:Polish
Published: Warszawa WSiP 1999
Series:Agro biznes
Subjects:
Tags: Add Tag
No Tags, Be the first to tag this record!

MARC

LEADER 00000nam a2200000 4500
001 c117721
005 20221221084017.4
020 |a 83-02-07175-7 
041 0 |a pol 
044 |a PL 
245 1 0 |a Zarzadzanie firma  |b podrecznik dla liceum, technikum i szkoly policealnej w zawodach rolnych i gospodarki zywnosciowej  |c Eugeniusz Niedzielski, Anna Lapinska 
264 1 |a Warszawa  |b WSiP  |c 1999 
300 |a 148 s. 
490 1 |a Agro biznes 
830 0 |a Agro biznes 
610 2 0 |a riadenie podnikové 
610 2 0 |a firmy 
610 2 0 |a podnik 
610 2 0 |a ciele podnikové 
610 2 0 |a politika podniková 
610 2 0 |a plán podnikový 
610 2 0 |a plánovanie podnikové 
610 2 0 |a analýza trhu 
610 2 0 |a distribúcia 
610 2 0 |a zásoby 
610 2 0 |a produkcia 
610 2 0 |a kontrola 
610 2 0 |a analýza finančná 
610 2 0 |a riadenie strategické 
610 2 0 |a plánovanie strategické 
610 2 0 |a podnik malý 
610 2 0 |a účtovníctvo 
610 2 0 |a bilancie 
610 2 0 |a poľnohospodárstvo 
610 2 0 |a evidencia účtovná 
100 1 |a Niedzielski, Eugeniusz 
700 1 |a Lapinska, Anna